Guess the Fusion Rock Song Lyrics #13 - Statistics

General Stats
  • This quiz has been taken 16 times
  • The average score is 196 of 337
Answer Stats
Answer % Correct
I
92%
be
85%
can
85%
go
85%
in
85%
me
85%
so
85%
the
85%
You
85%
you
85%
And
77%
and
77%
Don't
77%
don't
77%
I'm
77%
it's
77%
I've
77%
love
77%
my
77%
on
77%
to
77%
too
77%
get
69%
of
69%
some
69%
that
69%
That
69%
there
69%
this
69%
up
69%
want
69%
all
62%
But
62%
down
62%
feel
62%
Feel
62%
got
62%
here
62%
with
62%
As
54%
at
54%
away
54%
been
54%
carry
54%
Carry
54%
far
54%
goin
54%
home
54%
keep
54%
like
54%
Oh
54%
oh
54%
ol
54%
out
54%
see
54%
stay
54%
about
46%
airliner
46%
big
46%
Big
46%
Cause
46%
done
46%
jet
46%
keepin
46%
keeps
46%
know
46%
light
46%
make
46%
thinkin
46%
Yeah
46%
yeah
46%
any
38%
before
38%
Before
38%
caught
38%
comin
38%
friends
38%
heart
38%
Leavin
38%
movin
38%
people
38%
plane
38%
road
38%
spinnin
38%
Steve Miller Band
38%
tryin
38%
way
38%
wheel
38%
around
31%
belong
31%
busted
31%
city
31%
England
31%
eyes
31%
Funky
31%
Goodbye
31%
heat
31%
heaven
31%
hell
31%
hesitation
31%
might
31%
New
31%
rich
31%
surely
31%
through
31%
Touchin
31%
town
31%
trusted
31%
707
23%
along
23%
backwards
23%
calling
23%
Ridin
23%
seems
23%
shit
23%
Somebody's
23%
tears
23%
high
8%
No matching quizzes found
Score Distribution
Percent of People with Each Score
Percentile by Number Answered
Your Score History
You have not taken this quiz